GARBHA VIJNANA ( EMBRYOLOGY) (Record no. 8441)

MARC details
000 -LEADER
fixed length control field 00289nam a22001337a 4500
003 - CONTROL NUMBER IDENTIFIER
control field SGT
082 ## - DEWEY DECIMAL CLASSIFICATION NUMBER
Classification number 611
Item number G14S
100 ## - MAIN ENTRY--PERSONAL NAME
Personal name SATHUA, SIDHESWAR
245 ## - TITLE STATEMENT
Title GARBHA VIJNANA ( EMBRYOLOGY)
260 ## - PUBLICATION, DISTRIBUTION, ETC. (IMPRINT)
Place of publication, distribution, etc VARANASI
Name of publisher, distributor, etc CHAUKHAMBHA
Year of Publication 2014
300 ## - PAGE DESCRIPTION
No. of Pages 199
650 ## - SUBJECT ADDED ENTRY--TOPICAL TERM
Topical term or geographic name as entry element EMBRYOLOGY
942 ## - ADDED ENTRY ELEMENTS (KOHA)
Source of classification or shelving scheme Dewey Decimal Classification
Koha item type Books
Holdings
Withdrawn status Lost status Source of classification or shelving scheme Damaged status Not for loan Collection code Home library Current library Shelving location Date acquired Vendor Name Cost, normal purchase price SGTU Bill Number Total Checkouts Full call number Accession No. (Barcode) Date last seen Bill Date Koha item type Date last borrowed
    Dewey Decimal Classification     AYURVEDA SGT FA-FP Library SGT FA-FP Library Text Book 15/03/2016 CHAUKHAMBHA 495.00 SGTU CP/B/724   611 G14S FA3561 15/03/2016 16/12/2015 Books  
    Dewey Decimal Classification     AYURVEDA SGT FA-FP Library SGT FA-FP Library Text Book 15/03/2016 CHAUKHAMBHA 495.00 SGTU CP/B/724 1 611 G14S FA3562 23/08/2021 16/12/2015 Books 23/08/2021
    Dewey Decimal Classification     AYURVEDA SGT FA-FP Library SGT FA-FP Library Text Book 15/03/2016 CHAUKHAMBHA 495.00 SGTU CP/B/724   611 G14S FA3563 15/03/2016 16/12/2015 Books  
    Dewey Decimal Classification     AYURVEDA SGT FA-FP Library SGT FA-FP Library Text Book 15/03/2016 CHAUKHAMBHA 495.00 SGTU CP/B/724   611 G14S FA3564 15/03/2016 16/12/2015 Books  
    Dewey Decimal Classification     AYURVEDA SGT FA-FP Library SGT FA-FP Library Text Book 15/03/2016 CHAUKHAMBHA 495.00 SGTU CP/B/724 1 611 G14S FA3565 22/10/2019 16/12/2015 Books 22/10/2019